<?xml version="1.0" encoding="UTF-8"?>
<record
    xmlns:xsi="http://www.w3.org/2001/XMLSchema-instance"
    xsi:schemaLocation="http://www.loc.gov/MARC21/slim http://www.loc.gov/standards/marcxml/schema/MARC21slim.xsd"
    xmlns="http://www.loc.gov/MARC21/slim">

  <leader>00591nas a22001937i 4500</leader>
  <controlfield tag="001">5760</controlfield>
  <controlfield tag="003">OSt</controlfield>
  <controlfield tag="005">20170126082349.0</controlfield>
  <controlfield tag="007">tu</controlfield>
  <controlfield tag="008">161220s        xxu||||| |||| 00| 0     d</controlfield>
  <datafield tag="022" ind1=" " ind2=" ">
    <subfield code="a">0147-5967</subfield>
  </datafield>
  <datafield tag="024" ind1="7" ind2=" ">
    <subfield code="a">5760</subfield>
    <subfield code="2">RID</subfield>
  </datafield>
  <datafield tag="024" ind1="7" ind2=" ">
    <subfield code="a">5760</subfield>
    <subfield code="2">RSN (alt)</subfield>
  </datafield>
  <datafield tag="040" ind1=" " ind2=" ">
    <subfield code="c">OSt</subfield>
  </datafield>
  <datafield tag="245" ind1="0" ind2="0">
    <subfield code="a">Journal of Comparative Economics</subfield>
    <subfield code="b">The Journal of the Association for Comparative Economic Studies</subfield>
  </datafield>
  <datafield tag="260" ind1=" " ind2=" ">
    <subfield code="a">Amsterdam :</subfield>
    <subfield code="b">Elsevier.</subfield>
  </datafield>
  <datafield tag="110" ind1="2" ind2=" ">
    <subfield code="a">Association for Comparative Economic Studies</subfield>
  </datafield>
  <datafield tag="866" ind1=" " ind2="0">
    <subfield code="u">1977 1 - 1993 17/1, 1996 22/1 - 1999 27/4, 2002 30/1 - 2009 37/4, 2010 38/2 - 2011</subfield>
  </datafield>
  <datafield tag="942" ind1=" " ind2=" ">
    <subfield code="c">J</subfield>
  </datafield>
  <datafield tag="999" ind1=" " ind2=" ">
    <subfield code="c">5501</subfield>
    <subfield code="d">5501</subfield>
  </datafield>
  <datafield tag="952" ind1=" " ind2=" ">
    <subfield code="0">0</subfield>
    <subfield code="1">0</subfield>
    <subfield code="4">0</subfield>
    <subfield code="7">0</subfield>
    <subfield code="a">BIB</subfield>
    <subfield code="b">BIB</subfield>
    <subfield code="c">1</subfield>
    <subfield code="d">2013-04-24</subfield>
    <subfield code="h">1977 1 - 1993 17/1, 1996 22/1 - 1999 27/4, 2002 30/1 - 2003 31/4</subfield>
    <subfield code="i">5760</subfield>
    <subfield code="l">0</subfield>
    <subfield code="p">10001010</subfield>
    <subfield code="r">2017-01-26 00:00:00</subfield>
    <subfield code="w">2017-01-26</subfield>
    <subfield code="y">J</subfield>
  </datafield>
  <datafield tag="952" ind1=" " ind2=" ">
    <subfield code="0">0</subfield>
    <subfield code="1">0</subfield>
    <subfield code="4">0</subfield>
    <subfield code="7">0</subfield>
    <subfield code="a">BIB</subfield>
    <subfield code="b">BIB</subfield>
    <subfield code="c">1</subfield>
    <subfield code="d">2015-01-22</subfield>
    <subfield code="h">42.2014,4</subfield>
    <subfield code="i">5760</subfield>
    <subfield code="l">0</subfield>
    <subfield code="p">10006208</subfield>
    <subfield code="r">2017-01-26 00:00:00</subfield>
    <subfield code="w">2017-01-26</subfield>
    <subfield code="y">J</subfield>
  </datafield>
</record>
